[Event "Nassau CC-ch"]
[Site "Nassau"]
[Date "2000.11.20"]
[Round "6"]
[White "Shapiro, Daniel E"]
[Black "Goregliad, Sergei"]
[Result "1/2-1/2"]
[WhiteElo "2266"]
[BlackElo "2367"]
[PlyCount "120"]
[EventDate "2000.10.??"]
[EventType "swiss"]
[EventRounds "10"]
[EventCountry "USA"]
[SourceTitle "EXT 2003"]
[Source "ChessBase"]
[SourceDate "2002.11.25"]
[SourceVersion "1"]
[SourceVersionDate "2002.11.25"]
[SourceQuality "1"]

1. d4 Nf6 2. c4 e6 3. g3 d5 4. Nf3 Bd6 5. Bg2 0-0 6. Nc3 c6 7. 0-0 Nbd7 8. Qb3 Re8 9. cxd5 exd5 10. Bf4 Bxf4 11. gxf4 Nf8 12. e3 Qe7 13. Kh1 Ng6 14. Qc2 Ng4 15. Rg1 Bf5 16. Qd2 Nh4 17. Ne5 Nxe5 18. fxe5 Bg4 19. Bxd5 Bf3+ 20. Bxf3 Nxf3 21. Qe2 Nxg1 22. Rxg1 f6 23. f4 fxe5 24. dxe5 Qe6 25. Ne4 Kh8 26. Ng5 Qg6 27. e4 Re7 28. e6 Qf6 29. Qg4 Rf8 30. Nf7+ Rfxf7 31. exf7 Qxf7 32. f5 Qf6 33. Rd1 g6 34. Qf4 Kg7 35. Rd6 Rxe4 36. Rd7+ Re7 37. Rxe7+ Qxe7 38. Qd4+ Kf7 39. fxg6+ hxg6 40. Qxa7 Qe4+ 41. Kg1 Qb1+ 42. Kg2 Qxb2+ 43. Kg3 Qe5+ 44. Kg4 Qe6+ 45. Kg3 Qd6+ 46. Kg2 Qd5+ 47. Kg3 c5 48. Qb6 c4 49. a4 Qg5+ 50. Kf3 Qd5+ 51. Ke3 g5 52. a5 Qd3+ 53. Kf2 Qe4 54. Kg3 Kg7 55. Kf2 g4 56. Qd6 Qf3+ 57. Ke1 c3 58. Qe7+ Kg6 59. Qe6+ Kg5 60. Qe5+ Kg6 1/2-1/2

[Event "Nassau CC-ch"]
[Site "Nassau"]
[Date "2000.10.30"]
[Round "3"]
[White "Goregliad, Sergei"]
[Black "Tamarkin, Larry S"]
[Result "0-1"]
[WhiteElo "2367"]
[BlackElo "2098"]
[PlyCount "120"]
[EventDate "2000.10.??"]
[EventType "swiss"]
[EventRounds "10"]
[EventCountry "USA"]
[SourceTitle "EXT 2003"]
[Source "ChessBase"]
[SourceDate "2002.11.25"]
[SourceVersion "1"]
[SourceVersionDate "2002.11.25"]
[SourceQuality "1"]

1. d4 d6 2. e4 c6 3. Bd3 e5 4. Nf3 Qc7 5. h3 Nf6 6. 0-0 Be7 7. c4 Nbd7 8. Nc3 0-0 9. Re1 Re8 10. b3 Nf8 11. Bb2 Ng6 12. Rc1 Bf8 13. Qd2 Bd7 14. Bf1 Nh5 15. Rcd1 Rad8 16. Qc2 Ngf4 17. Ne2 g6 18. Nxf4 Nxf4 19. Bc3 c5 20. d5 Bg7 21. Bd2 h6 22. Kh2 Qc8 23. Ng1 g5 24. g3 Ng6 25. Bg2 Rf8 26. Be3 Ne7 27. f4 gxf4 28. gxf4 f5 29. fxe5 Bxe5+ 30. Kh1 f4 31. Bc1 Ng6 32. Qf2 Rf7 33. Nf3 Bxh3 34. Rg1 Bg4 35. Rd3 Rdf8 36. Bf1 Rg7 37. Qh2 Rff7 38. Rxg4 Qxg4 39. Bh3 Qg3 40. Be6 Qxh2+ 41. Kxh2 Kf8 42. Bxf7 Kxf7 43. Bd2 Bf6 44. b4 b6 45. Ra3 Ke8 46. bxc5 bxc5 47. Rb3 Re7 48. Rb8+ Kf7 49. Rd8 Rxe4 50. Rxd6 Re2+ 51. Kg1 Ne5 52. Bc3 Nxf3+ 53. Kf1 Bxc3 54. Kxe2 Ne5 55. Rxh6 f3+ 56. Kf1 a5 57. Rh7+ Kf6 58. Kf2 Bd4+ 59. Kg3 f2 60. Kg2 Nxc4 0-1

[Event "Nassau CC-ch"]
[Site "Long Island"]
[Date "1998.??.??"]
[Round "?"]
[White "Bonin, Jay R"]
[Black "Goregliad, Sergei"]
[Result "1/2-1/2"]
[WhiteElo "2390"]
[BlackElo "2300"]
[PlyCount "66"]
[EventDate "1998.??.??"]
[EventType "swiss"]
[EventRounds "10"]
[EventCountry "USA"]
[SourceTitle "EXT 2002"]
[Source "ChessBase"]
[SourceDate "2001.11.25"]
[SourceVersion "1"]
[SourceVersionDate "2001.11.25"]
[SourceQuality "1"]

1. d4 Nf6 2. Nf3 b6 3. c4 e6 4. g3 Bb7 5. Bg2 Be7 6. 0-0 0-0 7. Nc3 Ne4 8. Bd2 Nxd2 9. Qxd2 d6 10. d5 e5 11. e4 Nd7 12. h4 Nf6 13. Bh3 Bc8 14. Bxc8 Qxc8 15. Kg2 Nh5 16. Nh2 f5 17. Qe2 Qe8 18. exf5 Rxf5 19. Qg4 Qf7 20. Rae1 Rf8 21. Ne4 h6 22. Re3 Kh7 23. Nf3 g6 24. Ne1 b5 25. b3 Kg7 26. Nd3 a5 27. f4 bxc4 28. bxc4 c6 29. dxc6 Qxc4 30. Rc1 Qd4 31. Qe2 exf4 32. Rf3 fxg3 33. Nd2 Rxf3 1/2-1/2

[Event "Nassau CC-ch"]
[Site "Long Island"]
[Date "1998.??.??"]
[Round "?"]
[White "Goregliad, Sergei"]
[Black "Shapiro, Daniel E"]
[Result "1/2-1/2"]
[WhiteElo "2300"]
[BlackElo "2295"]
[PlyCount "33"]
[EventDate "1998.??.??"]
[EventType "swiss"]
[EventRounds "10"]
[EventCountry "USA"]
[SourceTitle "EXT 2002"]
[Source "ChessBase"]
[SourceDate "2001.11.25"]
[SourceVersion "1"]
[SourceVersionDate "2001.11.25"]
[SourceQuality "1"]

1. d4 e6 2. c4 Nf6 3. Nf3 b6 4. g3 Ba6 5. Nbd2 Bb7 6. Bg2 c5 7. 0-0 cxd4 8. Nxd4 Bxg2 9. Kxg2 Qc7 10. b3 Be7 11. Bb2 Qb7+ 12. Kg1 0-0 13. e3 a6 14. Rc1 d6 15. Qe2 Nbd7 16. Rfd1 Rfd8 17. Qf3 1/2-1/2

[Event "Nassau CC-ch"]
[Site "Long Island"]
[Date "1998.??.??"]
[Round "?"]
[White "Goregliad, Sergei"]
[Black "Stripunsky, Alexander"]
[Result "0-1"]
[WhiteElo "2300"]
[BlackElo "2475"]
[PlyCount "54"]
[EventDate "1998.??.??"]
[EventType "swiss"]
[EventRounds "10"]
[EventCountry "USA"]
[SourceTitle "EXT 2002"]
[Source "ChessBase"]
[SourceDate "2001.11.25"]
[SourceVersion "1"]
[SourceVersionDate "2001.11.25"]
[SourceQuality "1"]

1. d4 d5 2. c4 c6 3. Nf3 Nf6 4. Nc3 e6 5. e3 Nbd7 6. Qc2 Bd6 7. b3 0-0 8. Be2 e5 9. dxe5 Nxe5 10. Nxe5 Bxe5 11. Bb2 Qa5 12. 0-0 dxc4 13. bxc4 Bf5 14. Qb3 Nd7 15. Rfc1 Qc7 16. f4 Nc5 17. Qd1 Bf6 18. g4 Rad8 19. Nd5 Bxb2 20. Nxc7 Rxd1+ 21. Rxd1 Bxa1 22. gxf5 Bf6 23. Bf3 Rc8 24. Nd5 cxd5 25. cxd5 Re8 26. Kf2 Kf8 27. d6 Bd8 0-1

[Event "Nassau CC-ch"]
[Site "Long Island"]
[Date "1997.??.??"]
[Round "?"]
[White "Braun, Leslie"]
[Black "Goregliad, Sergei"]
[Result "1-0"]
[WhiteElo "2245"]
[BlackElo "2300"]
[PlyCount "79"]
[EventDate "1997.??.??"]
[EventType "swiss"]
[EventRounds "10"]
[EventCountry "USA"]
[SourceTitle "EXT 2002"]
[Source "ChessBase"]
[SourceDate "2001.11.25"]
[SourceVersion "1"]
[SourceVersionDate "2001.11.25"]
[SourceQuality "1"]

1. d4 Nf6 2. Bg5 e6 3. e4 h6 4. Bxf6 Qxf6 5. Nc3 Bb4 6. Nge2 d6 7. a3 Ba5 8. Qd2 Nc6 9. f4 a6 10. 0-0-0 b5 11. e5 Qe7 12. d5 b4 13. dxc6 bxc3 14. Nxc3 d5 15. Qe3 Rb8 16. Na4 Bb6 17. Qg3 0-0 18. Bd3 Qe8 19. Nxb6 Rxb6 20. Qh4 Qd8 21. Qh5 f5 22. g4 Rxc6 23. gxf5 exf5 24. Rhg1 Qe8 25. Qxe8 Rxe8 26. h4 Be6 27. Rg3 Rb6 28. Rdg1 Re7 29. Rg6 Kf8 30. b4 Rf7 31. c3 Bc8 32. Kd2 Be6 33. Ke3 Re7 34. Kd4 Rc6 35. a4 Rf7 36. a5 Rd7 37. b5 Rc4+ 38. Bxc4 dxc4+ 39. Kc5 Bf7 40. e6 1-0

[Event "Nassau CC-ch"]
[Site "Long Island"]
[Date "1997.??.??"]
[Round "?"]
[White "Goregliad, Sergei"]
[Black "Shapiro, Daniel E"]
[Result "1/2-1/2"]
[WhiteElo "2300"]
[BlackElo "2260"]
[PlyCount "33"]
[EventDate "1997.??.??"]
[EventType "swiss"]
[EventRounds "10"]
[EventCountry "USA"]
[SourceTitle "EXT 2002"]
[Source "ChessBase"]
[SourceDate "2001.11.25"]
[SourceVersion "1"]
[SourceVersionDate "2001.11.25"]
[SourceQuality "1"]

1. d4 Nf6 2. c4 e6 3. Nc3 Bb4 4. e3 c5 5. Bd3 0-0 6. Nf3 d5 7. 0-0 cxd4 8. exd4 dxc4 9. Bxc4 b6 10. Qe2 Bb7 11. Rd1 Nbd7 12. Bg5 Rc8 13. Ne5 Be7 14. Rac1 Nd5 15. Bxe7 Nxe7 16. Ba6 Rb8 17. Bxb7 1/2-1/2

[Event "Nassau CC-ch"]
[Site "Long Island"]
[Date "1997.??.??"]
[Round "?"]
[White "Kreitner, Ilan"]
[Black "Goregliad, Sergei"]
[Result "0-1"]
[WhiteElo "2195"]
[BlackElo "2300"]
[PlyCount "56"]
[EventDate "1997.??.??"]
[EventType "swiss"]
[EventRounds "10"]
[EventCountry "USA"]
[SourceTitle "EXT 2002"]
[Source "ChessBase"]
[SourceDate "2001.11.25"]
[SourceVersion "1"]
[SourceVersionDate "2001.11.25"]
[SourceQuality "1"]

1. Nf3 Nf6 2. d4 b6 3. Bf4 Bb7 4. e3 g6 5. Nbd2 Bg7 6. h3 0-0 7. Bd3 d6 8. Qe2 Nd5 9. c3 Nxf4 10. exf4 c5 11. Rg1 cxd4 12. cxd4 Nc6 13. Nb3 a5 14. Rd1 a4 15. Nc1 a3 16. b3 Nxd4 17. Nxd4 Bxd4 18. g4 e5 19. f5 e4 20. Bc4 Bc3+ 21. Kf1 Qh4 22. Qe3 Be5 23. Ne2 Rac8 24. Bd5 Bxd5 25. Rxd5 Rc2 26. Kg2 gxf5 27. gxf5 Kh8 28. Ng3 Bxg3 0-1

[Event "Nassau CC-ch"]
[Site "Long Island"]
[Date "1996.??.??"]
[Round "?"]
[White "Berg, George P"]
[Black "Goregliad, Sergei"]
[Result "1-0"]
[WhiteElo "2155"]
[BlackElo "2285"]
[PlyCount "85"]
[EventDate "1996.??.??"]
[EventType "swiss"]
[EventRounds "9"]
[EventCountry "USA"]
[SourceTitle "EXT 2002"]
[Source "ChessBase"]
[SourceDate "2001.11.25"]
[SourceVersion "1"]
[SourceVersionDate "2001.11.25"]
[SourceQuality "1"]

1. e4 c5 2. Nf3 e6 3. d4 cxd4 4. Nxd4 a6 5. Nc3 Qc7 6. g3 Nc6 7. Bg2 d6 8. 0-0 Be7 9. Be3 Nf6 10. f4 0-0 11. Nb3 Rb8 12. g4 Re8 13. g5 Nd7 14. Qh5 Nf8 15. Rf2 Bd8 16. Raf1 Ne7 17. Bd4 Nc6 18. Be3 Qe7 19. f5 Ne5 20. Bd4 Nfd7 21. f6 Qf8 22. Rf4 gxf6 23. gxf6 Kh8 24. Kh1 Ng6 25. R4f3 b5 26. Be3 d5 27. Bh6 Qd6 28. Bg7+ Kg8 29. Rh3 Ndf8 30. exd5 exd5 31. Rd3 Re5 32. Qh6 Be6 33. Ne4 Rxe4 34. Bxe4 Bc7 35. Bxf8 Qxf8 36. Qxf8+ Kxf8 37. Bxd5 Ne5 38. Rdd1 Ng4 39. Bxe6 fxe6 40. h3 Ne3 41. Rd7 Nxf1 42. Rxc7 h5 43. Nc5 1-0

[Event "Nassau Masters 6th"]
[Site "Long Island"]
[Date "1996.??.??"]
[Round "5"]
[White "Goregliad, Sergei"]
[Black "Simpson, Ronald"]
[Result "1-0"]
[WhiteElo "2285"]
[BlackElo "2320"]
[PlyCount "78"]
[EventDate "1996.??.??"]
[EventType "tourn"]
[EventRounds "12"]
[EventCountry "USA"]
[EventCategory "3"]
[SourceTitle "EXT 2002"]
[Source "ChessBase"]
[SourceDate "2001.11.25"]
[SourceVersion "1"]
[SourceVersionDate "2001.11.25"]
[SourceQuality "1"]

1. d4 Nf6 2. c4 e6 3. Nc3 Bb4 4. e3 b6 5. Nge2 Bb7 6. a3 Be7 7. Ng3 d5 8. cxd5 Nxd5 9. Bd3 Nxc3 10. bxc3 Bxg2 11. Rg1 Bb7 12. e4 g6 13. Be3 Nd7 14. a4 0-0 15. e5 Bg5 16. f4 Bh6 17. Ra2 c5 18. h4 cxd4 19. cxd4 Qxh4 20. Rf2 Rfd8 21. Qe2 f5 22. Rh2 Qe7 23. Rxh6 Qb4+ 24. Kf2 Qxa4 25. Nh5 Nf8 26. Nf6+ Kf7 27. Nxh7 Rxd4 28. Ng5+ Ke7 29. Bxd4 Qxd4+ 30. Qe3 Qb2+ 31. Kg3 Rd8 32. Be2 Rc8 33. Bf3 Rc2 34. Qd3 Rd2 35. Qc4 Bxf3 36. Nxf3 Qa3 37. Rgh1 Kd8 38. Rh7 Qd3 39. Qc7+ Ke8 1-0

[Event "Nassau Masters 6th"]
[Site "Long Island"]
[Date "1996.??.??"]
[Round "11"]
[White "Goregliad, Sergei"]
[Black "Simpson, Ronald"]
[Result "1/2-1/2"]
[WhiteElo "2285"]
[BlackElo "2320"]
[PlyCount "160"]
[EventDate "1996.??.??"]
[EventType "tourn"]
[EventRounds "12"]
[EventCountry "USA"]
[EventCategory "3"]
[SourceTitle "EXT 2002"]
[Source "ChessBase"]
[SourceDate "2001.11.25"]
[SourceVersion "1"]
[SourceVersionDate "2001.11.25"]
[SourceQuality "1"]

1. d4 Nf6 2. Bg5 Ne4 3. Bh4 c5 4. f3 Qa5+ 5. c3 g5 6. fxe4 gxh4 7. e3 Bh6 8. Nd2 Qb6 9. Nc4 Qe6 10. Qf3 0-0 11. d5 Qg6 12. Ne5 Qg7 13. Ng4 d6 14. Nxh6+ Qxh6 15. Qf4 Qxf4 16. exf4 Bg4 17. Be2 f5 18. Bxg4 fxg4 19. Ne2 Nd7 20. Kd2 Rae8 21. h3 g3 22. f5 b5 23. Rhf1 Rf6 24. b3 a5 25. Rf4 Rh6 26. a4 bxa4 27. Rxa4 Ra8 28. c4 Kf7 29. Rf1 Nb6 30. Ra3 a4 31. Ng1 axb3 32. Rxa8 Nxa8 33. Kc3 Nb6 34. Kxb3 Nd7 35. Nf3 Kf6 36. Kc3 Ne5 37. Nxe5 Kxe5 38. Kd3 Rf6 39. Ke3 Rf8 40. Rf4 Ra8 41. Rxh4 Ra3+ 42. Ke2 h5 43. Rxh5 Kxe4 44. Rh4+ Kxf5 45. Rg4 Rc3 46. Kd2 Rb3 47. Ke2 e5 48. dxe6 Kxe6 49. Re4+ Kf5 50. Rg4 Ke5 51. Ke1 Ke6 52. Ke2 d5 53. Rg5 Rb2+ 54. Kf3 Rb3+ 55. Kf4 Rb4 56. Re5+ Kf6 57. Rxd5 Rxc4+ 58. Kxg3 Ke6 59. Rd8 Kf5 60. Rf8+ Kg5 61. h4+ Kh5 62. Rf5+ Kg6 63. Rd5 Rc3+ 64. Kg4 Rc4+ 65. Kh3 Rc1 66. h5+ Kh6 67. Kh4 c4 68. Rd6+ Kg7 69. Kg5 c3 70. h6+ Kf7 71. g4 Rb1 72. Rc6 Rb5+ 73. Kh4 Rb3 74. g5 Ke7 75. h7 Rb8 76. Rxc3 Kf7 77. Kh5 Kg7 78. Rc7+ Kh8 79. Rf7 Rb5 80. Kh6 Rb6+ 1/2-1/2

[Event "Nassau Masters 6th"]
[Site "Long Island"]
[Date "1996.??.??"]
[Round "4"]
[White "Mirabile, Tim"]
[Black "Goregliad, Sergei"]
[Result "1-0"]
[WhiteElo "2205"]
[BlackElo "2285"]
[PlyCount "61"]
[EventDate "1996.??.??"]
[EventType "tourn"]
[EventRounds "12"]
[EventCountry "USA"]
[EventCategory "3"]
[SourceTitle "EXT 2002"]
[Source "ChessBase"]
[SourceDate "2001.11.25"]
[SourceVersion "1"]
[SourceVersionDate "2001.11.25"]
[SourceQuality "1"]

1. e4 d5 2. exd5 Qxd5 3. Nc3 Qa5 4. d4 Bf5 5. Bc4 e6 6. Nf3 c6 7. Bd2 Qc7 8. Bb3 Nd7 9. Qe2 Ngf6 10. 0-0-0 Be7 11. Ne5 Nxe5 12. dxe5 Nd5 13. g4 Bg6 14. f4 h5 15. f5 Nxc3 16. Bxc3 exf5 17. gxf5 Bxf5 18. Rdf1 Be6 19. Bxe6 fxe6 20. Qc4 0-0-0 21. Qxe6+ Qd7 22. Qxd7+ Kxd7 23. Rhg1 Rhf8 24. Rd1+ Ke6 25. Rg6+ Kf5 26. Rxg7 Bc5 27. Rf1+ Ke4 28. Re1+ Be3+ 29. Kb1 b5 30. e6 Rde8 31. Rg3 1-0

[Event "Nassau Masters 5th"]
[Site "Long Island"]
[Date "1995.??.??"]
[Round "3"]
[White "Goregliad, Sergei"]
[Black "Ritter, Mark"]
[Result "1/2-1/2"]
[WhiteElo "2315"]
[BlackElo "2400"]
[PlyCount "59"]
[EventDate "1995.??.??"]
[EventType "tourn"]
[EventRounds "20"]
[EventCountry "USA"]
[EventCategory "2"]
[SourceTitle "EXT 2002"]
[Source "ChessBase"]
[SourceDate "2001.11.25"]
[SourceVersion "1"]
[SourceVersionDate "2001.11.25"]
[SourceQuality "1"]

1. d4 Nf6 2. c4 d6 3. Nc3 Bf5 4. f3 e5 5. d5 e4 6. Qd4 c5 7. Qf2 Nbd7 8. g4 Bg6 9. g5 Nh5 10. Qe3 Ne5 11. Nxe4 Be7 12. Ng3 0-0 13. Nxh5 Bxh5 14. b3 Re8 15. f4 Bxg5 16. fxg5 Nf3+ 17. Nxf3 Rxe3 18. Bxe3 Qe7 19. Kf2 Qe4 20. Rd1 Re8 21. Rd3 f5 22. gxf6 Bxf3 23. exf3 Qh4+ 24. Ke2 Qxf6 25. Bh3 Re5 26. Be6+ Kf8 27. h4 Qg6 28. Rf1 Qh5 29. Rh1 Qg6 30. Rf1 1/2-1/2

[Event "Nassau Masters 5th"]
[Site "Long Island"]
[Date "1995.??.??"]
[Round "2"]
[White "Kotlyar, Stanislav"]
[Black "Goregliad, Sergei"]
[Result "1-0"]
[WhiteElo "2110"]
[BlackElo "2315"]
[PlyCount "71"]
[EventDate "1995.??.??"]
[EventType "tourn"]
[EventRounds "20"]
[EventCountry "USA"]
[EventCategory "2"]
[SourceTitle "EXT 2002"]
[Source "ChessBase"]
[SourceDate "2001.11.25"]
[SourceVersion "1"]
[SourceVersionDate "2001.11.25"]
[SourceQuality "1"]

1. d4 Nf6 2. c4 d6 3. Nc3 Bf5 4. Nf3 c6 5. Bg5 Nbd7 6. e3 e5 7. Be2 Be7 8. 0-0 Ne4 9. Bxe7 Qxe7 10. Nxe4 Bxe4 11. b4 0-0 12. Qb3 Rfe8 13. Rfd1 a6 14. dxe5 dxe5 15. Nd2 Bf5 16. c5 Qg5 17. Nc4 Re6 18. Nd6 Rg6 19. Qxf7+ Kh8 20. g3 Rf6 21. Qe7 Raf8 22. f4 exf4 23. exf4 Qg6 24. Nxf5 R6f7 25. Qe4 Nf6 26. Qd3 Rd7 27. Nd6 Qh6 28. Qf3 Nd5 29. Bc4 g5 30. Bxd5 cxd5 31. Qxd5 gxf4 32. Qe5+ Kg8 33. Rf1 Rg7 34. Qd5+ Kh8 35. Rae1 Qg6 36. Rxf4 1-0

[Event "Nassau CC-ch"]
[Site "Mineola"]
[Date "1994.??.??"]
[Round "?"]
[White "Goregliad, Sergei"]
[Black "Felber, Joseph J"]
[Result "1-0"]
[WhiteElo "2310"]
[BlackElo "2145"]
[PlyCount "77"]
[EventDate "1994.10.17"]
[EventType "swiss"]
[EventRounds "10"]
[EventCountry "USA"]
[SourceTitle "EXT 2002"]
[Source "ChessBase"]
[SourceDate "2001.11.25"]
[SourceVersion "1"]
[SourceVersionDate "2001.11.25"]
[SourceQuality "1"]

1. d4 Nf6 2. c4 e6 3. Nc3 Bb4 4. e3 b6 5. Nge2 Bb7 6. a3 Bxc3+ 7. Nxc3 0-0 8. Bd3 d5 9. cxd5 exd5 10. b4 Nbd7 11. Rb1 c6 12. 0-0 Ne4 13. Ne2 f5 14. f3 Nd6 15. Nf4 Qe7 16. Bd2 Rac8 17. Qb3 Kh8 18. Rbe1 Qf7 19. Qb1 c5 20. bxc5 bxc5 21. dxc5 Nxc5 22. Bb4 Nc4 23. g4 a5 24. Bxc5 Rxc5 25. Bxf5 g6 26. Qa1+ Qf6 27. Ne6 Rcc8 28. Nxf8 Qxa1 29. Rxa1 gxf5 30. Ne6 Nxe3 31. Rfb1 Ba6 32. Rb6 Bc4 33. Rab1 Kg8 34. Kf2 Nc2 35. gxf5 d4 36. Rg1+ Kh8 37. Rb7 Bxe6 38. fxe6 Ne3 39. Rgb1 1-0